000 00781nam a2200241Ia 4500
003 OSt
005 20220923210951.0
006 a|||||r|||| 00| 0
007 ta
008 Pun
020 _a8126020768 (pbk)
024 _a235,700
037 _cTextual
040 _aARTS
_cARTS
_bPun
041 _2Pun
_aPun
082 _aY74443:1.1, 153P5
100 _aਕਾਂਗ, ਅਮਰਜੀਤ ਸਿੰਘ, ਥਦ.
_9156650
245 0 _aਵਿFਵੀਕਰਣ ਅਤੇ ਪੰਜਾਬੀ ਸਾਹਿਤ ਸਭਿਆਚਾਰ
260 _aਦਿੱਲੀ
_b ਸਾਹਿਤ ਅਕਾਦੇਮੀ
_c2005
300 _a211ਪੰ
_ccm.
942 _hY74443:1.1, 153P5
_cTEXL
_2CC
999 _c293274
_d293274